| 000 | 00338nam a22001337a 4500 | ||
|---|---|---|---|
| 008 | 180910b xxu||||| |||| 00| 0 eng d | ||
| 020 | _a9780465009497 | ||
| 041 | _aeng | ||
| 080 | _a910 | ||
| 100 | _a42 | ||
| 101 | _aGEO | ||
| 245 |
_aThe Flooded Earth Our Future iN A World Without ice Caps _cWard .P.D |
||
| 942 |
_2udc _cBK |
||
| 999 |
_c47614 _d47614 |
||